Výpočet ušlého zisku a škody pre vybraný podnik diplomová práca

Guardado en:
Detalles Bibliográficos
Autor principal: Blaško, Maroš
Autor Corporativo: Fakulta podnikového manažmentu EU. Katedra podnikovohospodárska
Otros Autores: Majdúchová, Helena, 1963-
Formato: Libro
Lenguaje:eslovaco
Publicado: Bratislava 2016
Etiquetas: Agregar Etiqueta
Sin Etiquetas, Sea el primero en etiquetar este registro!

MARC

LEADER 00000nbm a2200000 4500
001 0218594
005 20170123141555.2
041 0 |a slo 
044 |a SK 
245 1 0 |a Výpočet ušlého zisku a škody pre vybraný podnik  |b diplomová práca  |c Maroš Blaško ; školiteľ: Helena Majdúchová 
264 1 |a Bratislava  |c 2016 
300 |a 99 s. 
100 1 |a Blaško, Maroš 
700 1 |a Majdúchová, Helena, 1963- 
710 2 |a Fakulta podnikového manažmentu EU. Katedra podnikovohospodárska